Suicidal behavior in children and adolescents
Introduction -- Nature and scope of the problem -- Theoretical and developmental considerations -- Social relationships -- Stress, coping, and emotion regulation -- Psychopathology -- Assessment and treatment -- Prevention
| 1. VerfasserIn: | |
|---|---|
| Medienart: | Druck Buch |
| Sprache: | Englisch |
| Veröffentlicht: |
New Haven [u.a.]
Yale University Press
2009
|
| In: | Jahr: 2009 |
| Online-Zugang: |
Inhaltsverzeichnis Klappentext (Verlag) |
| Bestand in Tübingen: | In Tübingen vorhanden. UB: KB 20 A 3995 |
| Verfügbarkeit prüfen: | HBZ Gateway |
| Subito Bestelldienst: | Jetzt bestellen. |
| Schlagwörter: |
MARC
| LEADER | 00000cam a2200000 c 4500 | ||
|---|---|---|---|
| 001 | 1622282418 | ||
| 003 | DE-627 | ||
| 005 | 20251225202446.0 | ||
| 007 | tu | ||
| 008 | 090930s2009 xxu||||| 00| ||eng c | ||
| 010 | |a 2009005615 | ||
| 020 | |a 9780300112504 |c pbk. : alk. paper |9 978-0-300-11250-4 | ||
| 035 | |a (DE-627)1622282418 | ||
| 035 | |a (DE-576)31129829X | ||
| 035 | |a (DE-599)BSZ31129829X | ||
| 035 | |a (OCoLC)699278732 | ||
| 040 | |a DE-627 |b ger |c DE-627 |e rakwb | ||
| 041 | |a eng | ||
| 044 | |c XD-US | ||
| 050 | 0 | |a HV6546 | |
| 082 | 0 | |a 618.92858445 | |
| 084 | |a 5,2 |2 ssgn | ||
| 100 | 1 | |a Wagner, Barry M. |4 aut | |
| 245 | 1 | 0 | |a Suicidal behavior in children and adolescents |c Barry M. Wagner |
| 264 | 1 | |a New Haven [u.a.] |b Yale University Press |c 2009 | |
| 300 | |a XI, 314 S. | ||
| 336 | |a Text |b txt |2 rdacontent | ||
| 337 | |a ohne Hilfsmittel zu benutzen |b n |2 rdamedia | ||
| 338 | |a Band |b nc |2 rdacarrier | ||
| 490 | 0 | |a Current perspectives in psychology | |
| 500 | |a Includes bibliographical references and index | ||
| 520 | |a Introduction -- Nature and scope of the problem -- Theoretical and developmental considerations -- Social relationships -- Stress, coping, and emotion regulation -- Psychopathology -- Assessment and treatment -- Prevention | ||
| 583 | 1 | |a Archivierung prüfen |c 20200919 |f DE-640 |z 1 |2 pdager | |
| 650 | 0 | |a Teenagers |x Suicidal behavior |x United States | |
| 650 | 0 | |a High school students |x Suicidal behavior |x United States | |
| 650 | 0 | |a Suicide |x United States | |
| 689 | 0 | 0 | |d g |0 (DE-588)4078704-7 |0 (DE-627)106076612 |0 (DE-576)209209682 |a USA |2 gnd |
| 689 | 0 | 1 | |d s |0 (DE-588)4030550-8 |0 (DE-627)104360100 |0 (DE-576)208988165 |a Kind |2 gnd |
| 689 | 0 | 2 | |d s |0 (DE-588)4127482-9 |0 (DE-627)104116560 |0 (DE-576)209594012 |a Suizidgefährdung |2 gnd |
| 689 | 0 | |5 (DE-627) | |
| 689 | 1 | 0 | |d g |0 (DE-588)4078704-7 |0 (DE-627)106076612 |0 (DE-576)209209682 |a USA |2 gnd |
| 689 | 1 | 1 | |d s |0 (DE-588)4028859-6 |0 (DE-627)104419199 |0 (DE-576)208979859 |a Jugend |2 gnd |
| 689 | 1 | 2 | |d s |0 (DE-588)4127482-9 |0 (DE-627)104116560 |0 (DE-576)209594012 |a Suizidgefährdung |2 gnd |
| 689 | 1 | |5 (DE-627) | |
| 856 | 4 | 2 | |u https://swbplus.bsz-bw.de/bsz31129829xinh.htm |m B:DE-576;DE-21 |q application/pdf |v 20091117081344 |x Verlag |3 Inhaltsverzeichnis |7 1 |
| 856 | 4 | 2 | |u https://swbplus.bsz-bw.de/bsz31129829xkla.htm |m B:DE-576;DE-21 |q application/pdf |v 20091117081359 |x Verlag |3 Klappentext |7 1 |
| 951 | |a BO | ||
| ELC | |b 1 | ||
| LOK | |0 000 xxxxxcx a22 zn 4500 | ||
| LOK | |0 001 3244823521 | ||
| LOK | |0 003 DE-627 | ||
| LOK | |0 004 1622282418 | ||
| LOK | |0 005 20091104142048 | ||
| LOK | |0 008 090930||||||||||||||||ger||||||| | ||
| LOK | |0 040 |a DE-21 |c DE-627 |d DE-21 | ||
| LOK | |0 852 |a DE-21 | ||
| LOK | |0 852 1 |c KB 20 A 3995 |9 00 | ||
| LOK | |0 935 |a krim | ||
| LOK | |0 936ln |a k9.8 | ||
| LOK | |0 938 |a 0911 |f 34 | ||
| LOK | |0 939 |a 30-09-09 |b l01 | ||
| ORI | |a SA-MARC-krimdoka001.raw | ||
| SIG | |a UB: KB 20 A 3995 | ||
